005500000a2200145000450024501310000065000290013165000390016065000270019965100410022604100140026770000220028170000290030310000270033277300450035910aAnálisis regional de la cobertura vegetal y la transformación historica de los paisajes en le norte de Boyaca ()14aSistemas de producción14aFragmentación de los ecosistemas14aEcología del paisaje 4lRío ChicamochadBoyacápColombia0 aEspañol1 aEtter R, Andrés1 aBaptiste, Luis Guillermo1 aVilla D., Luis Alberto1 tSimposio de Ambiente31321q59-68d1994?